| 000 | 00601nam a2200229Ia 4500 | ||
|---|---|---|---|
| 003 | OSt | ||
| 005 | 20240420111406.0 | ||
| 008 | 210210b2014 xxu||||| |||| 00| 0 eng d | ||
| 020 | _a9789381441497 | ||
| 040 | _cAL | ||
| 041 | _aKannada | ||
| 082 | _a398.2K MOGA | ||
| 100 |
_aMOGALLI GANESH _9137844 _dಮೊಗಳ್ಳಿ ಗಣೇಶ್ |
||
| 245 |
_aAdima janapada _bಆದಿಮ ಜಾನಪದ |
||
| 260 |
_aBengaluru _bPragati _c2014 |
||
| 300 | _ax,278 | ||
| 650 |
_ajanapada _9137845 |
||
| 650 |
_aAdima _9137846 |
||
| 690 |
_aFolklore _9137847 |
||
| 906 | _a072247 | ||
| 942 |
_2ddc _cBK |
||
| 999 |
_c122079 _d122079 |
||